000
00351 a2200169 4500
001
188129
020
_a
85-08-10638-6
040
_c
Magnum
100
_a
Lajolo, Marisa
240
1
0
_a
Destino em aberto
_l
por
245
1
0
_a
Destino em aberto
300
_a
166
362
0
_a
2006
440
1
_a
Ática
697
_a
LITERATURA JUVENIL
942
_c
BK
999
_c
188129
_d
188129